Διοίκηση Ολικής Ποιότητας στη Βιομηχανία και η Εφαρμογή της στη ΔιαδικάσιαΠαραγωγής. (Record no. 8625)
[ view plain ]
| 000 -LEADER | |
|---|---|
| fixed length control field | 01953cam a22001934a 4500 |
| 005 - ΗΜΕΡΟΜΗΝΙΑ ΚΑΙ ΩΡΑ ΤΕΛΕΥΤΑΙΑΣ ΕΝΗΜΕΡΩΣΗΣ | |
| Πεδίο ελέγχου | 20250605164341.0 |
| 008 - FIXED-LENGTH DATA ELEMENTS--GENERAL INFORMATION | |
| Πεδίο ελέγχου σταθερού μήκους | 250528s ||||||||||||||||||||||||d |
| 035 ## - SYSTEM CONTROL NUMBER | |
| System control number | 23628 |
| 040 ## - ΠΗΓΗ ΚΑΤΑΛΟΓΟΓΡΑΦΗΣΗΣ | |
| Φορέας πρωτότυπης καταλογογράφησης | MC Athens Campus Library |
| Γλώσσα καταλογογράφησης | Ελληνικά, Μοντέρνα (1453-) |
| Modifying agency | MC Athens Campus Library |
| Κανόνες περιγραφικής καταλογογράφησης | AACR2 |
| 245 1# - ΤΙΤΛΟΣ ΚΑΙ ΔΗΛΩΣΗ ΥΠΕΥΘΥΝΟΤΗΤΑΣ | |
| Τίτλος | Διοίκηση Ολικής Ποιότητας στη Βιομηχανία και η Εφαρμογή της στη ΔιαδικάσιαΠαραγωγής. |
| 260 ## - PUBLICATION, DISTRIBUTION, ETC. | |
| Date of publication, distribution, etc. | 2015 |
| 300 ## - PHYSICAL DESCRIPTION | |
| Extent | 68 |
| 520 ## - SUMMARY, ETC. | |
| Summary, etc. | Εισαγωγή, Ορισμός της Ποιότητας, Διαστάσεις της Ποιότητας, Ορισμοί Διοίκησης Ολικής Ποιότητας, Ηγέτες της Διοίκησης Ολικής Ποιότητας, Deming Edwards, Juran M.J, Feigenbaum A.V, Crosby Philip, Βασικά Στοιχεία της Διοίκησης Ολικής Ποιότητας, Κύκλοι Ποιότητας, η Επανάσταση της Διοίκησης Ολικής Ποιότητας, η Επανάσταση της Διοίκησης Ολικής Ποιότητας, Συστήματα Διασφάλισης Ποιότητας, International Organization for Standardization, Ελληνικός Οργανισμός Τυποποίησης, ISO 900, Κόστος Ποιότητας, Μεθοδολογία, Φιλοσοφία της Έρευνας, Σχεδιασμός και Στρατηγική της Έρευνας, Στόχοι της Έρευνας, Ανάλυση Στοιχείων, Έρευνες στον Τόμεα Διοίκησης Ολικής Ποιότητας, Εργαλελια και Τεχνικές της Διοίκησης Ολικής Ποιότητας, Εφαρμογή των Τεχνικών στην Παρούσα Έρευνα, Συμπεράσματα, Παραπομπές. |
| 700 1# - ΠΡΟΣΘΕΤΗ ΑΝΑΓΡΑΦΗ--ΦΥΣΙΚΟ ΠΡΟΣΩΠΟ | |
| Personal name | Κουβδού Νικολέτα |
| 9 (RLIN) | 9218 |
| 700 1# - ΠΡΟΣΘΕΤΗ ΑΝΑΓΡΑΦΗ--ΦΥΣΙΚΟ ΠΡΟΣΩΠΟ | |
| Personal name | Πεσματζόγλου Μιχάλης |
| 9 (RLIN) | 9219 |
| 942 ## - ADDED ENTRY ELEMENTS (KOHA) | |
| Koha item type | Διπλωματική εργασία |
| Τύπος τεκμηρίου | Βιβλιοθήκη | Τρέχουσα τοποθεσία | Barcode | Ημερομηνία απόκτησης | Ταξιθετικό σύμβολο | Αριθμός αντιτύπου | Κατάσταση απόσυρσης | Κατάσταση χαμένου | Κατάσταση κατεστραμμένου | Μη δανεισμός | Σύνολο δανεισμών | Ημερομηνία τελευταίας εμφάνισης | Η τιμή ισχύει από |
|---|---|---|---|---|---|---|---|---|---|---|---|---|---|
| Διπλωματική εργασία | MC Athens Campus Library | MC Athens Campus Library | 9780000086242 | 05/06/2025 | BUS 2015 (18) | 1 | 05/06/2025 | 05/06/2025 |